000 01467njm a2200301Ia 4500
001 D2641
003 IT-RoPAU
005 20220918181146.0
008 131025s9999 xx 000 0 und d
040 _aIT-RoPAU
040 _cIT-RoPAU
041 _aINGLESE
999 _c101699
_d101699
999 _bn.d.
100 _aJackson Michael
_923149
100 _eAutore musica
_930738
100 _gCodice autore musica SPICS: 11497
_923151
245 _aHistory Past, Present and Future
250 _a1a ed.
260 _aHOLLAND
260 _bMJJ PRODUCTIONS INC.
_c1995 [1a Ed.:1995 - Ed. Lingua Orig.: 1995]
300 _aCOMPACT DISC
500 _aMusica rock.
505 _aBillie Jean - The Way You Make Me Feel - Black Or White - Rock With You - She's Out of My Life - Bad - I Just Can't Stop Loving You - Man In the Mirror - Thriller - Beat It - The Girl Is Mine - Remember the Time - Don't Stop 'Til You Get Enough - Wanna Be Startin' Somethin' - Heal the World - Scream - They Don't Care About Us - Stranger In Moscow - This Time Around - Earth Song - D.S. - Money - Come Together - You Are Not Alone - Childhood (Theme From "Free Willy 2") - Tabloid Junkie - Bad - History - Little Susie - Smile
650 _aROCK [COMPACT DISC]
_eCodice MATERIA SPICS: 9949
_930739
700 _aJackson Michael
_eAutore testo e musica
_gCodice autore testo/musica SPICS: 11497
_930740
700 _aJackson Michael
_gCodice interprete SPICS: 11497
_eInterprete
_930741
942 _cCD
_2ddc